[Event "42nd TCh-ITA Masters"]
[Site "Arvier ITA"]
[Date "2010.05.01"]
[Round "5"]
[White "Braga,F"]
[Black "De Santis,A"]
[Result "1-0"]
[WhiteElo "2432"]
[BlackElo "2305"]
[EventDate "2010.04.29"]

1. d4 b6 2. Nf3 Bb7 3. g3 Nf6 4. Bg2 e6 5. O-O Be7 6. c4 d6 7. Nc3 Nbd7 8.
d5 e5 9. Ne1 O-O 10. Nd3 a5 11. e4 Nc5 12. Nxc5 bxc5 13. f4 Nd7 14. f5 Bg5
15. b3 Bxc1 16. Qxc1 f6 17. g4 Nb6 18. a4 Bc8 19. h4 Bd7 20. Ra2 Be8 21.
Raf2 Nd7 22. Bf3 Nb8 23. Rg2 Na6 24. g5 Nb4 25. Qe3 Kh8 26. Kh1 Qe7 27.
Rfg1 Rg8 28. Bd1 Bd7 29. Ne2 Raf8 30. Ng3 Be8 31. Nf1 c6 32. g6 cxd5 33.
gxh7 Kxh7 34. exd5 Rh8 35. h5 g5 36. fxg6+ Kg7 37. h6+ Rxh6+ 38. Qxh6+ Kxh6
39. Rh2+ Kg7 40. Rh7+ Kg8 41. Rxe7 1-0

[Event "42nd TCh-ITA Masters"]
[Site "Arvier ITA"]
[Date "2010.05.01"]
[Round "5"]
[White "Arlandi,E"]
[Black "Salvetti,A"]
[Result "1-0"]
[WhiteElo "2424"]
[BlackElo "2296"]
[EventDate "2010.04.29"]

1. d4 d5 2. c4 dxc4 3. e3 e5 4. Bxc4 exd4 5. exd4 Bd6 6. Nf3 Nf6 7. O-O O-O
8. h3 h6 9. Nc3 Nc6 10. a3 Bf5 11. Re1 Re8 12. Be3 a6 13. Rc1 Qd7 14. Bf1
Rad8 15. b4 Ne4 16. Na4 Ne7 17. Nc5 Bxc5 18. dxc5 Qxd1 19. Rexd1 c6 20. Bc4
Ng6 21. Nd4 Bc8 22. Nb3 Kf8 23. Na5 Nf6 24. Rd4 Rxd4 25. Bxd4 Ne5 26. Bb3
Nd3 27. Rd1 Nf4 28. Bxf6 gxf6 29. Kf1 Ke7 30. Rd4 Ne6 31. Bxe6 fxe6 32. Nc4
e5 33. Rh4 Rh8 34. Nd6 b5 35. Nxc8+ Rxc8 36. Rxh6 a5 37. g4 axb4 38. axb4
Rd8 39. Rh7+ Ke6 40. Rc7 Kd5 41. h4 Rg8 42. f3 e4 43. Kf2 exf3 44. Kxf3 Rh8
45. h5 f5 46. gxf5 Rxh5 47. Kg4 Rh1 48. f6 Rf1 49. Kg5 Rg1+ 50. Kf5 Rf1+
51. Kg6 Rg1+ 52. Kf7 Rg4 53. Rd7+ Kc4 54. Rd6 Kxb4 55. Rxc6 Kc4 56. Ke6
Re4+ 57. Kf5 Kd5 58. Rd6+ Kxc5 59. Kxe4 Kxd6 60. Kf5 b4 61. Kg6 b3 62. f7
1-0

[Event "42nd TCh-ITA Masters"]
[Site "Arvier ITA"]
[Date "2010.05.01"]
[Round "5"]
[White "Genocchio,D"]
[Black "Vocaturo,D"]
[Result "1-0"]
[WhiteElo "2443"]
[BlackElo "2489"]
[EventDate "2010.04.29"]

1. d4 Nf6 2. c4 e6 3. Nc3 Bb4 4. e3 O-O 5. Bd3 d5 6. a3 Bxc3+ 7. bxc3 c5 8.
Ne2 b6 9. cxd5 exd5 10. O-O Ba6 11. Bxa6 Nxa6 12. Ng3 Nc7 13. a4 Ne6 14.
Qd3 Qd7 15. Bb2 Rfd8 16. f3 Rac8 17. e4 cxd4 18. cxd4 dxe4 19. fxe4 Nxd4
20. Rxf6 gxf6 21. Nh5 Qd6 22. Kh1 Qe5 23. Qh3 Qg5 24. Bxd4 Rc1+ 25. Rxc1
Qxc1+ 26. Bg1 Rd1 27. Qg3+ Kf8 28. Qb8+ Ke7 29. Qxa7+ Ke6 30. Qxb6+ Ke5 31.
Qb5+ Kd6 32. Qb6+ Ke5 33. Ng3 h5 34. Qb8+ Ke6 35. Ne2 Qd2 36. Qe8+ Kd6 37.
Qd8+ Kc6 38. Nd4+ Kb7 39. Qd7+ Kb6 40. Qc6+ 1-0

[Event "42nd TCh-ITA Masters"]
[Site "Arvier ITA"]
[Date "2010.05.01"]
[Round "5"]
[White "Garcia Palermo,C"]
[Black "Efimov,Ig"]
[Result "1-0"]
[WhiteElo "2440"]
[BlackElo "2459"]
[EventDate "2010.04.29"]

1. d4 Nf6 2. Nf3 g6 3. c3 Bg7 4. Bg5 O-O 5. Nbd2 d6 6. e4 h6 7. Bh4 Nh5 8.
Nc4 Qe8 9. Nfd2 Nc6 10. Ne3 e6 11. g4 Nf6 12. f4 Nh7 13. Qf3 f5 14. gxf5
exf5 15. exf5 Bxf5 16. O-O-O Qd7 17. Nxf5 Qxf5 18. Bc4+ Kh8 19. Rdf1 Rae8
20. Bd3 Qf7 21. Qg3 Ne7 22. Bxe7 Rxe7 23. Qxg6 Qxg6 24. Bxg6 Nf6 25. h4 Nd5
26. f5 Bf6 27. Nf3 Nf4 28. Kb1 Rg8 29. h5 Re2 30. Rh2 Re3 31. Rhf2 Nd3 32.
Rd2 c5 33. dxc5 dxc5 34. Nh2 Rg3 35. Nf3 c4 36. Re2 Rd8 37. Nd4 a6 38. Re6
Kg7 39. Rb6 Rd7 40. Ne6+ Kg8 41. Be8 Re7 42. Ba4 Rf7 43. Bc2 Rg2 44. Rd6
Ne5 45. Nf4 Rh2 46. Be4 Bg5 47. Bd5 Bxf4 48. Rxf4 Kf8 49. Bxf7 Kxf7 50. Re4
Rh1+ 51. Kc2 Nd3 52. Rxc4 1-0

[Event "42nd TCh-ITA Masters"]
[Site "Arvier ITA"]
[Date "2010.05.01"]
[Round "5"]
[White "Lanzani,M"]
[Black "Brunello,S"]
[Result "0-1"]
[WhiteElo "2371"]
[BlackElo "2476"]
[EventDate "2010.04.29"]

1. Nf3 Nf6 2. c4 e6 3. g3 b6 4. Bg2 Bb7 5. O-O c5 6. Nc3 d6 7. Re1 Nbd7 8.
b3 Be7 9. e4 a6 10. d4 cxd4 11. Nxd4 Qc7 12. Bb2 O-O 13. Rc1 Rac8 14. Qe2
Rfe8 15. Kh1 Bf8 16. h3 Qb8 17. Kh2 g6 18. Rcd1 Bg7 19. Qd2 Red8 20. Qe2
Nc5 21. Ba1 h5 22. h4 Ncd7 23. Kg1 Qa7 24. Ndb5 axb5 25. Nxb5 Qa8 26. Nxd6
e5 27. Nxc8 Rxc8 28. Bh3 Rc7 29. Bxd7 Nxd7 30. f3 Qe8 31. Bc3 Qe6 32. Bb4
Nc5 33. Rd8+ Bf8 34. Bxc5 Rxc5 35. Red1 Kg7 36. Qd2 Rc8 37. Rxf8 Rxf8 38.
Qd7 Bc8 39. Qc7 Re8 40. Ra1 0-1

[Event "42nd TCh-ITA Masters"]
[Site "Arvier ITA"]
[Date "2010.05.01"]
[Round "5"]
[White "Foisor,C"]
[Black "Fierro Baquero,M"]
[Result "1/2-1/2"]
[WhiteElo "2433"]
[BlackElo "2356"]
[EventDate "2010.04.29"]

1. c4 g6 2. g3 Bg7 3. Bg2 c5 4. Nc3 Nc6 5. d3 a6 6. e4 d6 7. Nge2 Rb8 8. a4
Nf6 9. h3 O-O 10. Be3 Ne8 11. d4 cxd4 12. Nxd4 Nc7 13. O-O Ne6 14. Nde2 Nc5
15. Rb1 Nb4 16. Nd5 Nxd5 17. cxd5 a5 18. Qc2 Bd7 19. Bxc5 Rc8 20. b4 axb4
21. Rxb4 Rxc5 22. Qb3 Qa5 23. Rb1 Bf6 24. Bf1 Ra8 1/2-1/2

[Event "42nd TCh-ITA Masters"]
[Site "Arvier ITA"]
[Date "2010.05.01"]
[Round "5"]
[White "Caruana,F"]
[Black "Salvador,R"]
[Result "1-0"]
[WhiteElo "2680"]
[BlackElo "2483"]
[EventDate "2010.04.29"]

1. e4 c5 2. Nf3 e6 3. d4 cxd4 4. Nxd4 a6 5. Nc3 Qc7 6. Bd3 Nf6 7. O-O Bc5
8. Nb3 Be7 9. f4 d6 10. e5 Nfd7 11. exd6 Qxd6 12. Ne4 Qb6+ 13. Kh1 Nf6 14.
Bd2 O-O 15. Qf3 Nbd7 16. Rae1 Nxe4 17. Bxe4 Nf6 18. Bd3 Bd7 19. f5 Rfe8 20.
fxe6 Bxe6 21. Bc3 Qc6 22. Qg3 Nh5 23. Qe5 Qd5 24. Be4 Qxe5 25. Bxe5 Rac8
26. Bxb7 Rxc2 27. Nd4 Rc5 28. Nxe6 fxe6 29. Bxa6 Ra8 30. Bd4 Ng3+ 31. hxg3
Rh5+ 32. Kg1 Rxa6 33. Rc1 Rd5 34. Rc7 Bd8 35. Rxg7+ 1-0

[Event "42nd TCh-ITA Masters"]
[Site "Arvier ITA"]
[Date "2010.05.01"]
[Round "5"]
[White "Bozzali,E"]
[Black "Valsecchi,A"]
[Result "1-0"]
[WhiteElo "2114"]
[BlackElo "2360"]
[EventDate "2010.04.29"]

1. d4 Nf6 2. c4 e6 3. g3 c5 4. d5 exd5 5. cxd5 d6 6. Bg2 g6 7. e4 Bg7 8.
Ne2 O-O 9. O-O a6 10. a4 Nbd7 11. Nbc3 c4 12. Be3 Ne5 13. h3 Bd7 14. Nc1
Nh5 15. Kh2 f5 16. f4 Nf7 17. exf5 Nh6 18. g4 Nf6 19. Bf2 Nf7 20. g5 Nh5
21. f6 Bh8 22. N1e2 h6 23. Qc2 Bf5 24. Be4 hxg5 25. Bxf5 gxf5 26. fxg5 Nxg5
27. Rg1 Bxf6 28. h4 Qd7 29. Bd4 Kf7 30. hxg5 Rh8 31. gxf6 Rae8 32. Kg2 f4
33. Kf2 Rh6 34. Nxf4 Nxf6 35. Bxf6 Rh2+ 36. Rg2 Qg4 37. Qg6+ 1-0

[Event "42nd TCh-ITA Masters"]
[Site "Arvier ITA"]
[Date "2010.05.01"]
[Round "6"]
[White "Olszewski,Mi"]
[Black "Pavasovic,D"]
[Result "1/2-1/2"]
[WhiteElo "2549"]
[BlackElo "2579"]
[EventDate "2010.04.29"]

1. d4 d5 2. c4 e6 3. Nf3 Nf6 4. Nc3 c6 5. g3 dxc4 6. Bg2 Nbd7 7. O-O b5 8.
e4 Be7 9. d5 b4 10. dxe6 fxe6 11. Ne2 e5 12. Qc2 Qa5 13. Bg5 Nb6 14. Nh4
O-O 15. Nf5 Bc5 16. Kh1 Be6 17. f4 Ng4 18. fxe5 Rae8 19. h3 Nxe5 20. Ned4
Bd7 21. Be3 Nd3 22. g4 Rd8 23. Bg5 Rde8 24. Be3 Rd8 25. Bg5 Rde8 26. Be3
1/2-1/2

[Event "42nd TCh-ITA Masters"]
[Site "Arvier ITA"]
[Date "2010.05.01"]
[Round "6"]
[White "Garcia Palermo,C"]
[Black "Rombaldoni,D"]
[Result "1/2-1/2"]
[WhiteElo "2440"]
[BlackElo "2482"]
[EventDate "2010.04.29"]

1. Nf3 d5 2. b3 c5 3. e3 Nc6 4. Bb2 Bg4 5. h3 Bh5 6. Be2 Nf6 7. c4 dxc4 8.
bxc4 e6 9. d3 Be7 10. g4 Bg6 11. g5 Nd7 12. Bxg7 Rg8 13. Bb2 Bxg5 14. Nxg5
Qxg5 15. h4 Qh6 16. h5 O-O-O 17. Qd2 f6 18. Na3 Nde5 19. Bxe5 Nxe5 20. Qa5
Nc6 21. Qxc5 Bxd3 22. Nb5 Kb8 23. Rd1 Bxe2 24. Kxe2 Qg7 25. Rxd8+ Rxd8 26.
Rh4 Qd7 27. Nd4 Ka8 28. Kf3 Ne5+ 29. Ke2 a6 30. Qb6 Nxc4 31. Qxe6 Qa4 32.
Qxf6 Qxa2+ 33. Kf3 Nd2+ 34. Kf4 Re8 35. Qf5 Qa3 36. Kg3 Qa1 37. Nf3 Nxf3
38. Qxf3 Rg8+ 39. Kh3 h6 40. Rg4 Qf1+ 41. Kh4 Rc8 42. e4 Qe1 43. Rg6 Re8
44. e5 Qb4+ 45. Kh3 Qc4 46. Rb6 Qc8+ 47. Kh2 Ka7 48. Qe3 Rxe5 49. Rxa6+
Kxa6 50. Qxe5 Qg4 51. f4 b5 52. Qd6+ 1/2-1/2

[Event "42nd TCh-ITA Masters"]
[Site "Arvier ITA"]
[Date "2010.05.01"]
[Round "6"]
[White "Brunello,S"]
[Black "Vocaturo,D"]
[Result "0-1"]
[WhiteElo "2476"]
[BlackElo "2489"]
[EventDate "2010.04.29"]

1. d4 Nf6 2. Nf3 e6 3. c4 d5 4. Nc3 Bb4 5. Qa4+ Nc6 6. e3 O-O 7. Bd2 a6 8.
Qc2 dxc4 9. Bxc4 Bd6 10. Ne4 Nxe4 11. Qxe4 Qe7 12. Bc3 Re8 13. Rd1 Bd7 14.
h4 b5 15. Be2 Nb4 16. Bxb4 Bxb4+ 17. Kf1 f6 18. Qc2 Bd6 19. Bd3 g6 20. Be4
Rab8 21. Ne1 e5 22. dxe5 Qxe5 23. Bd5+ Kg7 24. Nf3 Qe7 25. Nd4 c5 26. Nc6
Bxc6 27. Bxc6 Red8 28. h5 Be5 29. Bd5 c4 30. hxg6 hxg6 31. Ke2 f5 32. b3 c3
33. Bf3 Qa3 34. g4 Qb2 35. Qxb2 cxb2 36. gxf5 gxf5 37. Rdg1+ Kf7 38. Rh5
Ke6 39. e4 f4 40. Bg4+ Kd6 41. Bh3 a5 42. a3 b4 43. a4 Rb7 44. Rb1 Re7 45.
Kf3 Rc7 46. Rd1+ Kc6 47. Rg1 Rd3+ 48. Ke2 Rxb3 49. Rxe5 Rxh3 50. Rb1 Rb3
51. Rxa5 Re7 52. e5 f3+ 53. Ke1 Rd3 54. Rxb2 Rh7 55. Rc2+ Kb6 56. Rb5+ Ka6
57. Rc6+ Ka7 58. Ra5+ Kb7 0-1

[Event "42nd TCh-ITA Masters"]
[Site "Arvier ITA"]
[Date "2010.05.01"]
[Round "6"]
[White "De Santis,A"]
[Black "Ferro,Ma"]
[Result "1-0"]
[WhiteElo "2305"]
[BlackElo "2259"]
[EventDate "2010.04.29"]

1. b3 e5 2. Bb2 Nc6 3. Nf3 e4 4. Ne5 Qf6 5. Nc4 Qh6 6. Nc3 Nf6 7. Ne3 Bc5
8. Ncd5 Nxd5 9. Nxd5 O-O 10. e3 Bd6 11. c4 b6 12. Qc2 Re8 13. Be2 Bb7 14.
h4 a5 15. a3 Ne7 16. Nc3 Be5 17. O-O-O d5 18. f4 exf3 19. Bxf3 c6 20. g4 b5
21. g5 Qe6 22. c5 b4 23. Ne2 bxa3 24. Bxa3 Ba6 25. Rdg1 Qf5 26. Qxf5 Nxf5
27. Bg4 Bd3 28. Bb2 Rab8 29. Bxf5 Bxe2 30. Bxe5 Rxe5 31. Bc2 Rb4 32. Rh2
Bh5 33. Kb2 d4 34. exd4 Rxd4 35. Kc3 Rf4 36. d4 Re3+ 37. Kd2 Ref3 38. Bd1
Rxd4+ 39. Kc1 Rd5 40. Bxf3 Rxc5+ 41. Rc2 Rxc2+ 42. Kxc2 Bxf3 43. Ra1 h6 44.
gxh6 g6 45. Rxa5 Kh7 46. Ra7 Bd5 47. Rd7 Be6 48. Rd6 Bf5+ 49. Kc3 Be4 50.
Rd7 Kxh6 51. Rxf7 Kh5 52. Rf4 Bf5 53. b4 Bg4 54. Rf6 Kxh4 55. Rxg6 Bf3 56.
Kd4 Kh5 57. Rg3 Bd1 58. Kc5 Kh4 59. Ra3 Kg5 60. Kxc6 Kf6 61. b5 Kg7 1-0

[Event "42nd TCh-ITA Masters"]
[Site "Arvier ITA"]
[Date "2010.05.01"]
[Round "6"]
[White "D'Amore,C"]
[Black "Rombaldoni,Ax"]
[Result "1-0"]
[WhiteElo "2484"]
[BlackElo "2439"]
[EventDate "2010.04.29"]

1. Nf3 c5 2. g3 d5 3. Bg2 Nc6 4. O-O e5 5. c4 d4 6. d3 Be7 7. e3 Nf6 8.
exd4 exd4 9. Na3 O-O 10. Nc2 Re8 11. Re1 h6 12. Ne5 Nxe5 13. Rxe5 Bd6 14.
Rxe8+ Qxe8 15. b4 Qa4 16. Bb2 Bg4 17. Qc1 Rd8 18. Bxb7 Nd7 19. b5 Re8 20.
Ne1 Re2 21. Bg2 Ne5 22. f4 Nxd3 23. Nxd3 Rc2 24. Qe1 Qxc4 25. Bf1 Qxb5 26.
Ba3 Qa4 27. Rc1 Bf5 28. Qd1 Qxa3 29. Qxc2 Be6 30. Qb2 Qa5 31. Ne5 d3 32.
Nxd3 c4 33. Nf2 Ba3 34. Qb8+ Kh7 35. Rc2 Qa4 36. Qb1 g6 37. Qd1 Bc5 38. Qc1
Qc6 39. Bxc4 Bf5 40. Bd3 Bxf2+ 41. Kxf2 Qb6+ 42. Qe3 1-0

[Event "42nd TCh-ITA Masters"]
[Site "Arvier ITA"]
[Date "2010.05.01"]
[Round "6"]
[White "Aranovitch,E"]
[Black "Genocchio,D"]
[Result "1/2-1/2"]
[WhiteElo "2349"]
[BlackElo "2443"]
[EventDate "2010.04.29"]

1. e4 e5 2. Nf3 Nc6 3. Bb5 a6 4. Ba4 Nf6 5. O-O Be7 6. Re1 b5 7. Bb3 O-O 8.
d3 d6 9. c3 Bb7 10. Nbd2 Re8 11. Ng5 Rf8 12. Ngf3 Re8 13. Ng5 Rf8 1/2-1/2

[Event "42nd TCh-ITA Masters"]
[Site "Arvier ITA"]
[Date "2010.05.01"]
[Round "6"]
[White "Bontempi,P"]
[Black "Bentivegna,F"]
[Result "0-1"]
[WhiteElo "2367"]
[BlackElo "2361"]
[EventDate "2010.04.29"]

1. e4 e5 2. Nf3 Nc6 3. d4 exd4 4. Nxd4 Bb4+ 5. Nc3 Nf6 6. Nxc6 bxc6 7. Bd3
d6 8. Bg5 h6 9. Bh4 g5 10. Bg3 Ng4 11. O-O h5 12. Be2 Qf6 13. Na4 Be6 14.
h3 Ne5 15. Bxh5 O-O-O 16. Qe2 Kb8 17. Bxe5 Qxe5 18. a3 Ba5 19. b4 Bb6 20.
Nxb6 axb6 21. a4 Rdg8 22. a5 b5 23. Bg4 Bc4 24. Qf3 Re8 25. Bd7 Qxe4 26.
Bxe8 Qxf3 27. gxf3 Rxe8 28. Kg2 Re2 29. c3 Kb7 30. f4 f6 31. fxg5 fxg5 32.
h4 gxh4 33. Kh3 c5 34. bxc5 dxc5 35. f4 Re3+ 36. Kxh4 Rxc3 37. f5 Rd3 38.
f6 Rd8 39. Rf5 Kc6 40. a6 Kb6 41. f7 Rf8 42. a7 0-1

[Event "42nd TCh-ITA Masters"]
[Site "Arvier ITA"]
[Date "2010.05.01"]
[Round "6"]
[White "Salvador,R"]
[Black "Dvirnyy,D"]
[Result "1/2-1/2"]
[WhiteElo "2483"]
[BlackElo "2450"]
[EventDate "2010.04.29"]

1. c4 Nf6 2. Nc3 c5 3. g3 g6 4. Bg2 Bg7 5. d3 O-O 6. e4 Nc6 7. Nge2 Rb8 8.
O-O a6 9. a4 d6 10. h3 Ne8 11. Be3 Nc7 12. d4 cxd4 13. Nxd4 Ne6 1/2-1/2

[Event "42nd TCh-ITA Masters"]
[Site "Arvier ITA"]
[Date "2010.05.01"]
[Round "6"]
[White "Georgiev,Ki"]
[Black "Godena,M"]
[Result "1-0"]
[WhiteElo "2669"]
[BlackElo "2561"]
[EventDate "2010.04.29"]

1. d4 d5 2. Nf3 Nf6 3. c4 dxc4 4. e3 a6 5. Bxc4 b5 6. Bd3 Bb7 7. a4 b4 8.
O-O e6 9. Qe2 c5 10. dxc5 Bxc5 11. e4 Nbd7 12. Nbd2 e5 13. Nc4 O-O 14. Bg5
Qc7 15. Nh4 h6 16. Bd2 Rfe8 17. Rac1 Bf8 18. a5 Qd8 19. Rfd1 Nc5 20. Be3
Nxd3 21. Rxd3 Qe7 22. Nf5 Qe6 23. Nfd6 Bxe4 24. Nxe8 Rxe8 25. Rdd1 b3 26.
Nb6 Bc2 27. Qxa6 Bxd1 28. Rxd1 Ng4 29. Qb5 Rb8 30. Qd5 Qg6 31. Nd7 Nxe3 32.
fxe3 Rc8 33. Nxe5 Qe6 34. Qxe6 fxe6 35. Nd7 Bb4 36. a6 Rc7 37. Ne5 Bc5 38.
Kf2 Bb6 39. Rd6 Rc2+ 40. Kf3 Ba7 41. Rd7 1-0

[Event "42nd TCh-ITA Masters"]
[Site "Arvier ITA"]
[Date "2010.05.01"]
[Round "6"]
[White "Forato,E"]
[Black "Salvetti,A"]
[Result "1/2-1/2"]
[WhiteElo "2103"]
[BlackElo "2296"]
[EventDate "2010.04.29"]

1. d4 d5 2. Nf3 Nf6 3. c4 e6 4. g3 c6 5. Bg2 Bd6 6. O-O Nbd7 7. Nc3 O-O 8.
e4 dxe4 9. Ng5 e5 10. Ngxe4 exd4 11. Nxd6 dxc3 12. bxc3 Nc5 13. Ba3 Nfd7
14. Qc2 Qc7 15. Nxc8 Raxc8 16. Bh3 b6 17. Bxd7 Qxd7 18. Bxc5 bxc5 1/2-1/2

[Event "42nd TCh-ITA Masters"]
[Site "Arvier ITA"]
[Date "2010.05.01"]
[Round "6"]
[White "Napoli,N"]
[Black "Lanzani,M"]
[Result "1/2-1/2"]
[WhiteElo "2362"]
[BlackElo "2371"]
[EventDate "2010.04.29"]

1. e4 e6 2. d4 d5 3. Nc3 dxe4 4. Nxe4 Nd7 5. Nf3 Ngf6 6. Bg5 Be7 7. Bxf6
Nxf6 8. Bd3 Nxe4 9. Bxe4 c5 10. O-O O-O 11. c3 cxd4 12. Qxd4 Qxd4 13. Nxd4
Rd8 14. Nb3 Rb8 15. Rfd1 Kf8 16. g3 Ke8 17. h4 h6 18. Na5 Rxd1+ 19. Rxd1
Bd8 20. Nc4 Bc7 21. h5 Ke7 22. Bf3 Bd7 23. Kg2 Bb5 24. Na3 Be8 25. Nc2 b6
26. Nb4 Rd8 27. Re1 Kf8 28. Re2 Bb5 29. Rc2 a5 30. Nc6 Bxc6 31. Bxc6 Bd6
32. Kf1 Rc8 33. Bf3 f5 34. Re2 Kf7 35. g4 Kf6 36. Kg2 b5 37. Kh3 b4 38.
cxb4 axb4 39. gxf5 exf5 40. Bd5 Rd8 41. f4 g5 42. Re6+ Kg7 43. fxg5 hxg5
44. Rg6+ Kh7 45. Rxg5 Be5 46. Bc4 Bxb2 47. Rxf5 Kh6 48. Rb5 Bc3 49. Be2 Rd6
50. Bf3 Rf6 51. Kg4 Bd2 52. Rb7 Rf4+ 53. Kg3 Rf6 54. Rd7 Bf4+ 55. Kg4 Bd6
56. Be2 Rf4+ 57. Kh3 Rf6 58. Bg4 Bc5 59. Rc7 Bd6 60. Rb7 Bc5 61. Rb5 Bd6
62. Rd5 Bf4 63. Bd1 Bg5 64. Rd4 Rf4 65. Rd6+ Rf6 66. Rd5 Rf4 67. Kg3 Rf1
68. Bf3 Rg1+ 69. Kf2 Ra1 70. Rd6+ Kh7 71. Be4+ Kh8 72. Ra6 Rd1 73. Rg6 Bf4
74. Rb6 Bg5 75. Kf3 Rf1+ 76. Ke2 Ra1 77. Bd5 Rb1 78. h6 Rb2+ 79. Kf3 Rh2
80. Rb8+ Kh7 81. Be4+ 1/2-1/2

[Event "42nd TCh-ITA Masters"]
[Site "Arvier ITA"]
[Date "2010.05.01"]
[Round "6"]
[White "Ortega,Le"]
[Black "Bellini,F"]
[Result "1-0"]
[WhiteElo "2479"]
[BlackElo "2493"]
[EventDate "2010.04.29"]

1. d4 g6 2. Nf3 Bg7 3. c4 d6 4. Nc3 Nd7 5. g3 e5 6. Bg2 Ne7 7. e4 exd4 8.
Nxd4 O-O 9. O-O Nc6 10. Nde2 Nb6 11. b3 f5 12. Be3 fxe4 13. Nxe4 Bf5 14.
Rc1 Qe8 15. N2c3 Rd8 16. Re1 Qd7 17. c5 dxc5 18. Qxd7 Nxd7 19. Nxc5 Nxc5
20. Bxc5 Bxc3 21. Rxc3 Rfe8 22. Rxe8+ Rxe8 23. Be3 Be4 24. f3 Bd5 25. Kf2
Re7 26. Bc5 Rd7 27. Bh3 Rd8 28. Rd3 Kf7 29. f4 b6 30. Be3 Nb4 31. Rd2 c5
32. f5 Kf6 33. Bg2 gxf5 34. a3 Bxg2 35. Rxd8 Nc6 36. Rd6+ Ke7 37. Rh6 Bd5
38. Rxh7+ Ke6 39. b4 cxb4 40. axb4 Nxb4 41. Rxa7 b5 42. h4 Nc6 43. Rb7 Ne5
44. Rb6+ Kf7 45. Bd4 Ng4+ 46. Kg1 Bc4 47. Kg2 b4 48. Rxb4 Bd5+ 49. Kg1 Kg6
50. Rb8 Be4 51. Rg8+ Kh7 52. Rh8+ Kg6 53. Rg8+ Kh7 54. Rg7+ Kh6 55. Re7 Bd3
56. Be3+ Kg6 57. Bf4 Bc4 58. Rc7 Bd3 59. Rd7 Bc4 60. Rd6+ Kh5 61. Kg2 Be2
62. Rd8 Bb5 63. Rg8 Bc6+ 64. Kg1 1-0

[Event "42nd TCh-ITA Masters"]
[Site "Arvier ITA"]
[Date "2010.05.02"]
[Round "7"]
[White "Bentivegna,F"]
[Black "Ronchetti,N"]
[Result "1/2-1/2"]
[WhiteElo "2361"]
[BlackElo "2423"]
[EventDate "2010.04.29"]

1. d4 d5 2. c4 dxc4 3. Nf3 Nf6 4. e3 e6 5. Bxc4 c5 6. O-O a6 7. Bb3 Nc6 8.
Qe2 cxd4 9. Rd1 Be7 10. Nxd4 Nxd4 11. exd4 O-O 1/2-1/2

[Event "42nd TCh-ITA Masters"]
[Site "Arvier ITA"]
[Date "2010.05.02"]
[Round "7"]
[White "Costantini,R"]
[Black "Napoli,N"]
[Result "1/2-1/2"]
[WhiteElo "2311"]
[BlackElo "2362"]
[EventDate "2010.04.29"]

1. e4 e6 2. d4 Ne7 3. Nf3 d5 4. Nc3 Nbc6 5. Bd3 dxe4 6. Nxe4 Nf5 7. c3 Be7
8. O-O h6 9. Re1 O-O 10. Bf4 g5 1/2-1/2

[Event "42nd TCh-ITA Masters"]
[Site "Arvier ITA"]
[Date "2010.05.02"]
[Round "7"]
[White "Macieja,B"]
[Black "Salvador,R"]
[Result "1-0"]
[WhiteElo "2625"]
[BlackElo "2483"]
[EventDate "2010.04.29"]

1. c4 Nf6 2. Nf3 e6 3. g3 a6 4. b3 b5 5. Nc3 d5 6. cxd5 exd5 7. d4 Ne4 8.
Qc2 Bf5 9. Qb2 Nc6 10. Bd2 Nb4 11. Rc1 Nxd2 12. Qxd2 Qe7 13. e3 Be4 14. Be2
Qf6 15. Nxe4 dxe4 16. Ne5 Bd6 17. O-O Bxe5 18. dxe5 Qe7 19. a3 Nd3 20. Bxd3
exd3 21. Qxd3 O-O 22. b4 Qxe5 23. Qc3 Qe4 24. Qxc7 a5 25. Qc5 axb4 26. axb4
Ra4 27. Rb1 Rb8 28. Rfd1 g6 29. Rb2 h5 30. h4 Kh7 31. Qd5 Qc4 32. Kg2 Rf8
33. Rd4 Qc1 34. Rbd2 Ra6 35. Rd1 Qc6 36. Qxc6 Rxc6 37. Rd7 Rf6 38. Rb7 Rc8
39. Rd4 Rc4 40. Rxc4 bxc4 41. Rc7 1-0

[Event "42nd TCh-ITA Masters"]
[Site "Arvier ITA"]
[Date "2010.05.02"]
[Round "7"]
[White "Vocaturo,D"]
[Black "Di Paolo,R"]
[Result "1-0"]
[WhiteElo "2489"]
[BlackElo "2338"]
[EventDate "2010.04.29"]

1. e4 e6 2. d4 d5 3. Nc3 Bb4 4. e5 Ne7 5. a3 Bxc3+ 6. bxc3 c5 7. h4 Nbc6 8.
h5 Qa5 9. Bd2 Bd7 10. h6 gxh6 11. Rb1 c4 12. Rxb7 O-O-O 13. Qb1 Qxa3 14.
Rb2 Qa5 15. Ra2 Qb6 16. Qa1 Kc7 17. Bxh6 Rb8 18. Bc1 Qb1 19. Kd2 Qxa1 20.
Rxa1 h5 21. Nf3 Nf5 22. g3 Rbg8 23. Bh3 Nfe7 24. Ke2 Rg7 25. Bg5 Ng8 26.
Rhb1 Bc8 27. Ra2 Rg6 28. Bc1 Kd8 29. Bg5+ Kc7 30. Bh4 Rh7 31. Ne1 f6 32. f4
fxe5 33. fxe5 Rf7 34. Ng2 Rfg7 35. Nf4 Rh6 36. Rb5 a6 37. Rc5 Kb7 38. Rb2+
Kc7 39. Rxd5 1-0

[Event "42nd TCh-ITA Masters"]
[Site "Arvier ITA"]
[Date "2010.05.02"]
[Round "7"]
[White "Aranovitch,E"]
[Black "D'Amore,C"]
[Result "1/2-1/2"]
[WhiteElo "2349"]
[BlackElo "2484"]
[EventDate "2010.04.29"]

1. e4 e5 2. Nf3 Nc6 3. Bb5 Nf6 4. O-O Nxe4 5. d4 Nd6 6. Bxc6 dxc6 7. dxe5
Nf5 8. Qxd8+ Kxd8 9. Nc3 Ne7 10. Nd4 Ng6 11. f4 Bc5 12. Be3 Bb6 13. Rae1
Ne7 14. Bf2 Bxd4 15. Bxd4 Nf5 16. Bf2 h5 17. Ne4 b6 18. Rd1+ Ke7 19. Rd2
Be6 20. Rfd1 Rad8 21. Rxd8 Rxd8 22. Rxd8 Kxd8 23. a3 c5 24. Ng3 Nxg3 25.
Bxg3 Bf5 26. c3 Kd7 27. Kf2 Kc6 28. Ke3 Kd5 29. Bh4 Kc4 30. Kd2 c6 31. Be7
Kb3 32. Kc1 a6 33. g3 Kc4 34. Kd2 g6 35. Bd8 b5 36. Be7 a5 37. Bd8 Kb3 38.
Kc1 a4 39. Be7 Kc4 40. Kd2 Bc8 41. Bf8 Ba6 42. h4 Bc8 43. Be7 Be6 1/2-1/2

[Event "42nd TCh-ITA Masters"]
[Site "Arvier ITA"]
[Date "2010.05.02"]
[Round "7"]
[White "De Eccher,S"]
[Black "Brunello,S"]
[Result "0-1"]
[WhiteElo "2260"]
[BlackElo "2476"]
[EventDate "2010.04.29"]

1. e4 c5 2. c4 b6 3. Nc3 Bb7 4. g3 Nf6 5. Bg2 e6 6. Nge2 a6 7. O-O Qc7 8.
d3 Be7 9. h3 Nc6 10. Be3 O-O 11. f4 Rad8 12. g4 h6 13. a3 b5 14. cxb5 axb5
15. e5 Ne8 16. Nxb5 Qa5 17. Nbc3 Ba8 18. Qa4 Qc7 19. Rac1 f6 20. Nb5 Qb8
21. Bxc5 Bxc5+ 22. Rxc5 fxe5 23. fxe5 Rxf1+ 24. Kxf1 Nc7 25. Nxc7 Rf8+ 26.
Kg1 Qxc7 27. b4 Qd8 28. b5 Qh4 29. Nf4 Qe1+ 30. Kh2 Nxe5 31. Rc2 Qh4 32.
Bxa8 Nxg4+ 33. Kh1 Qe1+ 34. Kg2 Ne3+ 35. Kh2 Nxc2 36. Bg2 Qf2 37. Ng6 Ne3
38. Qe4 Nf1+ 39. Kh1 Ng3+ 0-1

[Event "42nd TCh-ITA Masters"]
[Site "Arvier ITA"]
[Date "2010.05.02"]
[Round "7"]
[White "Fierro Baquero,M"]
[Black "Monticone,S"]
[Result "1-0"]
[WhiteElo "2356"]
[BlackElo "1817"]
[EventDate "2010.04.29"]

1. e4 d6 2. d4 Nf6 3. Nc3 g6 4. g3 Bg7 5. Bg2 c6 6. Nge2 O-O 7. O-O e5 8.
h3 Nbd7 9. Be3 Re8 10. g4 Nb6 11. dxe5 dxe5 12. Qxd8 Rxd8 13. b3 Be6 14. a4
Ne8 15. Rfd1 Nd7 16. Rd3 Bf8 17. Rad1 Be7 18. f4 f5 19. fxe5 Nxe5 20. Rxd8
Bxd8 21. exf5 gxf5 22. Nd4 Bb6 23. gxf5 Bf7 24. Bf2 Ng7 25. Re1 Re8 26. Ne4
Nd7 27. Rd1 Bd5 28. Nd6 Re5 29. Nxb7 Nxf5 30. Nxc6 Bxf2+ 31. Kxf2 Bxg2 32.
Nxe5 Nxe5 33. Rg1 Nh4 34. Rxg2+ Nxg2 35. Kxg2 Nc6 36. Nc5 Kf7 37. Kf2 Kf6
38. c3 Ke5 39. Ke3 Kd5 40. Ne4 h6 41. c4+ Ke5 42. Nc5 Nb4 43. Nd3+ 1-0

[Event "42nd TCh-ITA Masters"]
[Site "Arvier ITA"]
[Date "2010.05.02"]
[Round "7"]
[White "Rombaldoni,Ax"]
[Black "Mocchi,T"]
[Result "1-0"]
[WhiteElo "2439"]
[BlackElo "2236"]
[EventDate "2010.04.29"]

1. e4 c6 2. d4 d5 3. e5 Bf5 4. Nd2 e6 5. Nb3 c5 6. dxc5 Bxc5 7. Nxc5 Qa5+
8. c3 Qxc5 9. Nf3 Ne7 10. Nd4 Qc7 11. Bf4 O-O 12. h4 h6 13. Nxf5 exf5 14.
g3 Qb6 15. Qd2 Nbc6 16. Bg2 Rad8 17. O-O d4 18. c4 Qc5 19. Rac1 Ng6 20. h5
Nxf4 21. gxf4 d3 22. Bd5 Rxd5 23. cxd5 Qxd5 24. f3 Rd8 25. Rc3 Rd7 26. a3
Nd8 27. Qe3 Ne6 28. Rd1 d2 29. Kf2 Qd4 30. Rc2 Qxf4 31. Qxf4 Nxf4 32. Rcxd2
Re7 33. Rd7 Rxe5 34. R1d4 Ne6 35. R4d5 Rxd5 36. Rxd5 Kf8 37. Rd7 Nc5 38.
Rc7 Nd3+ 39. Ke3 Nxb2 40. Rxb7 Nc4+ 41. Kd3 Ne5+ 42. Ke2 g5 43. Rxa7 f4 44.
a4 Ke8 45. a5 Nc6 46. Ra8+ Kd7 47. a6 Kc7 48. Rh8 f5 49. Rxh6 Nd4+ 50. Kf2
g4 51. Rh7+ Kb8 52. h6 Nxf3 53. Rb7+ 1-0

[Event "42nd TCh-ITA Masters"]
[Site "Arvier ITA"]
[Date "2010.05.02"]
[Round "7"]
[White "Rusev,K"]
[Black "Olszewski,Mi"]
[Result "1/2-1/2"]
[WhiteElo "2543"]
[BlackElo "2549"]
[EventDate "2010.04.29"]

1. d4 Nf6 2. Nf3 e6 3. Bg5 Be7 4. Nbd2 d5 5. e3 O-O 6. Bd3 Nbd7 7. O-O b6
8. c3 Bb7 9. Qe2 Ne4 10. Bxe7 Qxe7 11. Ba6 1/2-1/2